| 000 | 00540nam a2200157 4500 | ||
|---|---|---|---|
| 999 |
_c12579 _d12579 |
||
| 008 | 240224b ||||| |||| 00| 0 eng d | ||
| 040 | _aBMS College of Architecture | ||
| 100 | _aM.S.C. MURALIKRISHNA | ||
| 245 | _aMatsyagrama, Revitilization Of Fishermen Community, Dhanushkodi | ||
| 300 | _a96p. | ||
| 500 | _a1CF19AT058 | ||
| 502 |
_8B,Arch _NBMS College of Architecture, Visvesvaraya Technological University (VTU) _aProject report _d2023 |
||
| 700 |
_aSeema Thippeswamy _eGuide |
||
| 710 |
_aSandhya Sharad _aGuide |
||
| 942 |
_2ddc _cTHE |
||